000 00370nam a2200157Ia 4500
008 210210b1944 xxu||||| |||| 00| 0 eng d
041 _aeng
082 _a829/746
100 _aMCNICHOLAS (C L)
245 _aCrazy weather
260 _aNew York
_bMacmillan & Co. Ltd.
_c1944
650 _aweather
650 _aCrazy
690 _aEnglish Fiction
906 _a017345
999 _c137311
_d137311